[Event "St Veit op-B 36th"]
[Site "St Veit"]
[Date "2017.07.11"]
[Round "5.6"]
[White "Eichhorn, Alfred"]
[Black "Rauch, Heribert"]
[Result "1/2-1/2"]
[WhiteElo "2034"]
[BlackElo "1761"]
[PlyCount "42"]
[EventDate "2017.07.08"]
[EventType "swiss"]
[EventRounds "9"]
[EventCountry "AUT"]
[SourceTitle "EXT 2024"]
[Source "ChessBase"]
[SourceDate "2023.10.10"]
[SourceVersion "1"]
[SourceVersionDate "2023.10.10"]
[SourceQuality "1"]

1. c4 c6 2. d4 d5 3. Nc3 dxc4 4. a4 e5 5. e3 exd4 6. exd4 Be6 7. Nf3 Nf6 8. Ne5 Bd6 9. Nxc4 Bc7 10. Be2 Na6 11. Ne5 Nb4 12. 0-0 0-0 13. Bg5 c5 14. Nb5 cxd4 15. Nxc7 Qxc7 16. Bf4 g5 17. Bg3 Ne4 18. Nf3 Nxg3 19. hxg3 d3 20. Qd2 f6 21. Bxd3 Nxd3 1/2-1/2

[Event "Graz-chB"]
[Site "Graz"]
[Date "2013.01.18"]
[Round "3"]
[White "Schloffer, Jasmin Denise"]
[Black "Rauch, Heribert"]
[Result "1/2-1/2"]
[WhiteElo "1480"]
[BlackElo "1774"]
[PlyCount "58"]
[EventDate "2013.01.12"]
[EventType "swiss"]
[EventRounds "7"]
[EventCountry "AUT"]
[SourceTitle "EXT 2022"]
[Source "ChessBase"]
[SourceDate "2021.10.06"]
[SourceVersion "1"]
[SourceVersionDate "2021.10.06"]
[SourceQuality "1"]

1. d4 d5 2. c4 e6 3. Nc3 Nf6 4. cxd5 exd5 5. Bg5 c6 6. e3 Bf5 7. Nf3 Be7 8. Bd3 Bxd3 9. Qxd3 Nbd7 10. 0-0 0-0 11. Rab1 Ne8 12. Bxe7 Qxe7 13. Rfc1 Nd6 14. b4 a6 15. a4 b5 16. a5 Rac8 17. Nd2 h5 18. e4 dxe4 19. Ncxe4 Nxe4 20. Qxe4 Qg5 21. Nb3 Rfe8 22. Qd3 Qd5 23. Nc5 Ra8 24. Nxd7 Qxd7 25. Rc5 g6 26. h3 Rad8 27. Rd1 Re6 28. Qc2 Rd6 29. Qc3 Rxd4 1/2-1/2

[Event "Graz-chB"]
[Site "Graz"]
[Date "2013.01.13"]
[Round "2"]
[White "Rauch, Heribert"]
[Black "Toelly, Michael"]
[Result "0-1"]
[WhiteElo "1774"]
[BlackElo "1666"]
[PlyCount "66"]
[EventDate "2013.01.12"]
[EventType "swiss"]
[EventRounds "7"]
[EventCountry "AUT"]
[SourceTitle "EXT 2022"]
[Source "ChessBase"]
[SourceDate "2021.10.06"]
[SourceVersion "1"]
[SourceVersionDate "2021.10.06"]
[SourceQuality "1"]

1. d4 Nf6 2. Nf3 e6 3. c4 b6 4. g3 Ba6 5. Qc2 c5 6. Bg2 Nc6 7. e3 Be7 8. Ne5 Qc7 9. Nxc6 dxc6 10. Qa4 Bb7 11. Nc3 0-0 12. 0-0 a6 13. Qc2 Rfd8 14. Rd1 Rd7 15. b3 Rad8 16. Ne2 h6 17. Bb2 Nh7 18. dxc5 Bxc5 19. Rxd7 Rxd7 20. Rd1 Be7 21. Rd3 c5 22. Be5 Qc8 23. Qd2 Rxd3 24. Qxd3 Bxg2 25. Kxg2 f6 26. Bc3 Ng5 27. h4 Qc6+ 28. Kh2 Nf3+ 29. Kh3 Ne1 30. Bxe1 Qh1+ 31. Kg4 f5+ 32. Kf4 Bd6+ 33. Qxd6 Qe4# 0-1

[Event "Graz-chB"]
[Site "Graz"]
[Date "2012.01.27"]
[Round "6"]
[White "Rauch, Heribert"]
[Black "Grebenar, Erich"]
[Result "1/2-1/2"]
[WhiteElo "1774"]
[BlackElo "1768"]
[PlyCount "59"]
[EventDate "2012.01.13"]
[EventType "swiss"]
[EventRounds "7"]
[EventCountry "AUT"]
[SourceTitle "EXT 2013"]
[Source "ChessBase"]
[SourceDate "2012.11.22"]
[SourceVersion "1"]
[SourceVersionDate "2012.11.22"]
[SourceQuality "1"]

1. d4 d5 2. Nf3 Nf6 3. c4 e6 4. Nc3 c5 5. cxd5 Nxd5 6. e3 cxd4 7. Nxd5 Qxd5 8. Qxd4 Qxd4 9. Nxd4 Bb4+ 10. Bd2 Bxd2+ 11. Kxd2 0-0 12. Nb5 Nc6 13. Bd3 Ne5 14. Rhd1 Nxd3 15. Kxd3 Bd7 16. Nc3 Rac8 17. Ke2 Bc6 18. f3 Rfd8 19. e4 f6 20. Ke3 Kf8 21. Rxd8+ Rxd8 22. Rd1 Rxd1 23. Nxd1 Ke7 24. Nc3 Kd6 25. b4 b5 26. h4 g5 27. g3 h5 28. f4 g4 29. Ne2 Bd7 30. Nc3 1/2-1/2